Arthanaitik bhabdharar etihash (Record no. 1063)

MARC details
000 -LEADER
fixed length control field 00521cam a2200205ua 4500
001 - CONTROL NUMBER
control field 1151
005 - DATE AND TIME OF LATEST TRANSACTION
control field 20260515113304.0
008 - FIXED-LENGTH DATA ELEMENTS--GENERAL INFORMATION
fixed length control field 110429n ii |||gr||||Z||||||asm
020 ## - INTERNATIONAL STANDARD BOOK NUMBER
International Standard Book Number 81-7339-017-7
040 ## - CATALOGING SOURCE
Transcribing agency MAIN
082 ## - DEWEY DECIMAL CLASSIFICATION NUMBER
Classification number 330.1508
245 1# - TITLE STATEMENT
Title Arthanaitik bhabdharar etihash
Statement of responsibility, etc. by Krishnagopal Das
250 ## - EDITION STATEMENT
Edition statement 1st.
260 ## - PUBLICATION, DISTRIBUTION, ETC.
Place of publication, distribution, etc. Dibrugarh:
Name of publisher, distributor, etc. Banalata,993.
300 ## - PHYSICAL DESCRIPTION
Extent 215p.:0cm.
653 ## - INDEX TERM--UNCONTROLLED
Uncontrolled term Economics
653 ## - INDEX TERM--UNCONTROLLED
Uncontrolled term Arthanaitik bhabdharar etihash
700 ## - ADDED ENTRY--PERSONAL NAME
Personal name Das, Krishnagopal.,
Relator term Author.
942 ## - ADDED ENTRY ELEMENTS (KOHA)
Koha item type Books
Holdings
Withdrawn status Lost status Damaged status Not for loan Home library Current library Shelving location Date acquired Total checkouts Full call number Barcode Date last seen Copy number Price effective from Koha item type
        Naharkatiya College Library Naharkatiya College Library General stacks 09/19/2020   330.1508 | DAS 2761 09/19/2020 7 09/19/2020 Books
        Naharkatiya College Library Naharkatiya College Library General stacks 09/19/2020   330.1508 | DAS 2762 09/19/2020 8 09/19/2020 Books
        Naharkatiya College Library Naharkatiya College Library General stacks 09/19/2020   330.1508 | DAS 2763 09/19/2020 3 09/19/2020 Books
        Naharkatiya College Library Naharkatiya College Library General stacks 09/19/2020   330.1508 | DAS 2764 09/19/2020 9 09/19/2020 Books
        Naharkatiya College Library Naharkatiya College Library General stacks 09/19/2020   330.1508 | DAS 2765 09/19/2020 5 09/19/2020 Books
        Naharkatiya College Library Naharkatiya College Library General stacks 09/19/2020   330.1508 | DAS 2766 09/19/2020 2 09/19/2020 Books
        Naharkatiya College Library Naharkatiya College Library General stacks 09/19/2020   330.1508 | DAS 2767 09/19/2020 6 09/19/2020 Books
        Naharkatiya College Library Naharkatiya College Library General stacks 09/19/2020   330.1508 | DAS 2768 09/19/2020 4 09/19/2020 Books
        Naharkatiya College Library Naharkatiya College Library General stacks 09/19/2020   330.1508 | DAS 2769 09/19/2020 1 09/19/2020 Books